• 首页
  • 本馆介绍
  • 公告通知
  • 最新文献
  • 馆藏检索
  • 电子资源
  • 读者导购
  • 参考咨询
  • 我的图书馆
  • 登录
  • 详细信息显示
  • 放入我的书架
  • 预约/预借图书
  • 作者相关作品
  • 分类相关作品
  • 丛书相关作品
  • 出版社相关作品

书目信息

  • 表格格式
  • 工作单格式
  • 卡片格式
题名:
货币流通论
    
 
作者: 曾康霖 著
分册:  
出版信息: 成都   西南财经大学出版社  1987
页数: 270页
开本: 20cm
丛书名:
单 册:
中图分类: F820.4
科图分类:
主题词: 货币流通 , 货币信用
电子资源:
ISBN: 7-81017-049-X
000 00615nam0 2200229 45
001 0187002808
005 20041108090141.5
010    @a7-81017-049-X@dCNY2.10
100    @a19900808d1987 mk y0chiy0121 ea
101 0  @achi
102    @aCN@b510000
105    @ay z 000yy
200 10 @a货币流通论@Ahuo bi liu tong lun@f曾康霖著@FCeng Kang Lin Zhu
210    @a成都@c西南财经大学出版社@d1987
215    @a270页@d20cm
606    @a货币流通
606 0  @a货币信用
690    @aF820.4@v3
701  0 @a曾康霖@4著
801  0 @aCN@b深圳图书馆@c20041105
801  2 @aCN@bNLC@c20041105
905    @f1@b248739@dF820.4@e12
    
    货币流通论/曾康霖著.-成都:西南财经大学出版社,1987
    270页;20cm
    
    
    ISBN 7-81017-049-X:CNY2.10
    
●
相关链接 在E读中查询图书 在五车中查询图书 在当当中查询图书 在豆瓣中查询图书


正题名:货币流通论     索取号:F820.4/12         预约/预借

序号 登录号 条形码 馆藏地/架位号 状态 备注
1 0248739   000491051   密集书库/ [索取号:F820.4/12] 在馆    
2 0248740   000492005   第一样本阅览室/ [索取号:F820.4/12] 在馆    
唐山师范学院图书馆 欢迎您!
大连网信软件有限公司© 版权所有